Focus (Record no. 77758)

MARC details
000 -LEADER
fixed length control field 01043cab a2200301 4500
001 - CONTROL NUMBER
control field ##L135033
008 - FIXED-LENGTH DATA ELEMENTS--GENERAL INFORMATION
fixed length control field 060920n2006 000 0 eng u
035 ## - SYSTEM CONTROL NUMBER
System control number (Sirsi) u135033
041 0# - LANGUAGE CODE
Language code of text/sound track or separate title eng
100 1# - MAIN ENTRY--PERSONAL NAME
Personal name Greenshields, Claire
245 00 - TITLE STATEMENT
Title Focus
Remainder of title M40
260 ## - PUBLICATION, DISTRIBUTION, ETC.
Date of publication, distribution, etc. 2006
490 #0 - SERIES STATEMENT
Series statement Estates Gazette
Volume/sequential designation (0637) 16 September 2006, 125-139(7)
520 ## - SUMMARY, ETC.
Summary, etc. Discusses the implications of new shopping centre developments in Leamington Spa and High Wycombe, examines the increasing demand for small office and research units and reports on the dearth of large sites in the region which is leading to increased land values and restricting shed development. Tables.
590 ## - LOCAL NOTE (RLIN)
Local note IKA031006
651 #4 - SUBJECT ADDED ENTRY--GEOGRAPHIC NAME
Geographic name LEAMINGTON SPA
651 #4 - SUBJECT ADDED ENTRY--GEOGRAPHIC NAME
Geographic name HIGH WYCOMBE
651 #4 - SUBJECT ADDED ENTRY--GEOGRAPHIC NAME
Geographic name UXBRIDGE
651 #4 - SUBJECT ADDED ENTRY--GEOGRAPHIC NAME
Geographic name OXFORD
651 #4 - SUBJECT ADDED ENTRY--GEOGRAPHIC NAME
Geographic name BANBURY
651 #4 - SUBJECT ADDED ENTRY--GEOGRAPHIC NAME
Geographic name BICESTER
651 #4 - SUBJECT ADDED ENTRY--GEOGRAPHIC NAME
Geographic name WARWICK
651 #4 - SUBJECT ADDED ENTRY--GEOGRAPHIC NAME
Geographic name M40 CORRIDOR
690 ## - LOCAL SUBJECT ADDED ENTRY--TOPICAL TERM (OCLC, RLIN)
Topical term or geographic name as entry element PROPERTY-COMMERCIAL PROPERTY-COMMERCIAL PROPERTY MARKET
700 1# - ADDED ENTRY--PERSONAL NAME
Personal name Taylor, Andrew
700 1# - ADDED ENTRY--PERSONAL NAME
Personal name Jack, Simon
942 ## - ADDED ENTRY ELEMENTS (KOHA)
Suppress in OPAC 0
Holdings
Withdrawn status Lost status Source of classification or shelving scheme Damaged status Not for loan Home library Current library Shelving location Date acquired Total Checkouts Full call number Barcode Date last seen Copy number Price effective from Koha item type
    Dewey Decimal Classification     London London Journal article 20/09/2006   L135033 135033-1001 06/08/2019 1 06/08/2019 Journal article